| 000 | 00700nam a2200289Ia 4500 | ||
|---|---|---|---|
| 005 | 20260324124636.0 | ||
| 008 | 008 260324s9999 xx 000 0 eng d | ||
| 020 | _a9781315652726 | ||
| 037 | _aEBOOK | ||
| 040 | _aCRL | ||
| 040 | _beng | ||
| 040 | _cCRL | ||
| 041 | _2eng | ||
| 041 | _aeng | ||
| 084 | _qCRL | ||
| 100 |
_aChrister Petley _91174951 |
||
| 245 | 0 | _aSlaveholders in Jamaica | |
| 245 | 0 | _bColonial Society and Culture during the Era of Abolition | |
| 260 | _bTaylor and Francis | ||
| 260 | _c2010 | ||
| 365 | _a | ||
| 365 | _b255 | ||
| 856 | _uhttp://www.taylorfrancis.com/books/9781315652726 | ||
| 942 | _cEBOOK | ||
| 999 |
_c1769491 _d1769491 |
||